Prueba de Jamaica - Estadísticas

Estadísticas generales
  • Esta prueba ha sido intentada 1.042 veces
  • La puntuación promedio es 11 de 20
Estadísticas de respuestas
Pista Respuesta % Correcto
Idioma oficial Inglés
97%
Jamaica está en este mar Mar Caribe
97%
Capital Kingston
93%
País del que Jamaica obtuvo su independencia en 1962 Reino Unido
87%
Cantante de "One Love" y "No Woman, No Cry" Bob Marley
86%
Su género musical Reggae
80%
El velocista más rápido de todos los tiempos Usain Bolt
80%
Moneda de Jamaica Dólar
78%
Grupo de islas del que forma parte Jamaica {Antillas} Mayores
75%
Primer europeo en visitar Jamaica Cristobal Colón
67%
Jamaica tiene la segunda tasa de ________ más alta del mundo, sólo por detrás de El Salvador. Asesinato
64%
La industria que representa el 36% del PIB Turismo
51%
Exportación más importante de Jamaica en la época colonial Azúcar
42%
Religión afrocéntrica originada en Jamaica Rastafari
41%
La persona que es, técnicamente, el jefe de Estado de Jamaica Carlos III
40%
Deporte en el que Jamaica ha competido varias veces en los Juegos Olímpicos de Invierno Bobsleigh
23%
Lengua criolla que es hablada por la mayoría de los jamaicanos {Patois} jamaiquino
15%
Destino turístico popular que aparece en la canción "Kokomo" Bahía {Montego}
13%
El barrio de la capital conocido como el lugar de nacimiento de ese género {Trench}town
9%
La mezcla de especias consiste en pimienta de Jamaica, pimientos del sombrero escocés y más Jerk
6%
No se encontraron pruebas coincidentes
Distribución de puntuación
Porcentaje de gente con cada puntuación
Porcentaje por número respondido
Historial de tus puntuaciones
No has intentado esta prueba.